[Event "Pan American-ch Hybrid U16 31st"]
[Site "Tornelo INT"]
[Date "2021.09.04"]
[Round "5"]
[White "Maharaj, Keshav"]
[Black "Ramdass, Jonathan"]
[Result "0-1"]
[WhiteElo "1132"]
[BlackElo "1272"]
[PlyCount "116"]
[EventDate "2021.09.04"]
[EventType "swiss"]
[EventRounds "9"]
[EventCountry "NET"]
[SourceTitle "EXT 2023"]
[Source "ChessBase"]
[SourceDate "2022.10.05"]
[SourceVersion "1"]
[SourceVersionDate "2022.10.05"]
[SourceQuality "1"]

1. e4 g6 2. d4 Bg7 3. Nc3 c6 4. f4 d5 5. e5 h5 6. Nf3 Bg4 7. h3 Bxf3 8. Qxf3 Nd7 9. Be3 e6 10. Bd3 Rc8 11. 0-0-0 h4 12. g3 hxg3 13. Qxg3 Nh6 14. Rdg1 c5 15. Bxg6 Qe7 16. Bd3 Bf8 17. Qg5 c4 18. Be2 Nf5 19. Bf2 Bh6 20. Qxe7+ Kxe7 21. Rg4 Nf8 22. Bh4+ Nxh4 23. Rxh4 Ng6 24. Rg4 Bxf4+ 25. Kd1 a6 26. h4 Rh7 27. Bf3 Rch8 28. Ne2 Rxh4 29. Nxf4 Rxh1+ 30. Bxh1 Rxh1+ 31. Kd2 Nxf4 32. Rxf4 Rh8 33. Rf2 b5 34. Kc3 a5 35. a3 Rb8 36. Kd2 b4 37. axb4 axb4 38. c3 bxc3+ 39. bxc3 Rb2+ 40. Ke1 Rxf2 41. Kxf2 f6 42. exf6+ Kxf6 43. Kf3 Kf5 44. Ke3 e5 45. dxe5 Kxe5 46. Ke2 Ke4 47. Kd2 d4 48. cxd4 Kxd4 49. Kc2 c3 50. Kd1 Kd3 51. Kc1 c2 52. Kb2 Kd2 53. Ka2 c1Q 54. Kb3 Qc8 55. Ka2 Qb8 56. Ka3 Kc3 57. Ka4 Kc4 58. Ka3 Qb3# 0-1

[Event "Pan American-ch Hybrid U16 31st"]
[Site "Tornelo INT"]
[Date "2021.09.04"]
[Round "4"]
[White "Melo, Diego Roiphe De Cas"]
[Black "Maharaj, Keshav"]
[Result "0-1"]
[WhiteElo "1130"]
[BlackElo "1132"]
[PlyCount "130"]
[EventDate "2021.09.04"]
[EventType "swiss"]
[EventRounds "9"]
[EventCountry "NET"]
[SourceTitle "EXT 2023"]
[Source "ChessBase"]
[SourceDate "2022.10.05"]
[SourceVersion "1"]
[SourceVersionDate "2022.10.05"]
[SourceQuality "1"]

1. d4 Nf6 2. c4 g6 3. Nc3 Bg7 4. Nf3 d6 5. h3 0-0 6. Bf4 Nh5 7. Bh2 c5 8. e3 Nf6 9. Be2 Qb6 10. Qd2 Bf5 11. Na4 Qd8 12. dxc5 Ne4 13. Qb4 Na6 14. Qxb7 Qa5+ 15. Kf1 Qxa4 16. g4 Nexc5 17. Qxe7 Rfe8 18. Qxd6 Rad8 19. Qf4 Be6 20. h4 Qc2 21. Ne1 Qxb2 22. Rd1 Rxd1 23. Bxd1 Qxa2 24. Be2 Qb1 25. h5 Qe4 26. Qxe4 Nxe4 27. Nf3 Bxg4 28. hxg6 fxg6 29. Kg2 Rd8 30. Rc1 Nd2 31. c5 Bxf3+ 32. Bxf3 Nxf3 33. Kxf3 Rc8 34. c6 Kf7 35. Ke4 Ke6 36. Rc4 Bf8 37. Kd4 Bd6 38. f4 Nb4 39. f5+ gxf5 40. Bxd6 Kxd6 41. Rxb4 Rxc6 42. Rb5 Ke6 43. Rb7 Rd6+ 44. Kc3 Rd7 45. Rb4 h5 46. Rh4 Rh7 47. Kd4 a5 48. Kc5 Kf6 49. Kb5 Kg5 50. Rh1 h4 51. Kxa5 Kg4 52. Kb5 Kf3 53. Rh3+ Kg2 54. e4 Kxh3 55. exf5 Kg2 56. f6 h3 57. f7 Rxf7 58. Kc5 h2 59. Kd5 h1Q 60. Kd6 Qe1 61. Kd5 Rd7+ 62. Kc6 Rd2 63. Kc5 Qc1+ 64. Kb4 Rb2+ 65. Ka3 Qa1# 0-1

[Event "American World Cup Q Prelim"]
[Site "Tornelo INT"]
[Date "2021.05.09"]
[Round "9"]
[White "Chin, Peter"]
[Black "Maharaj, Keshav"]
[Result "0-1"]
[WhiteElo "1196"]
[BlackElo "1132"]
[PlyCount "96"]
[EventDate "2021.05.08"]
[EventType "swiss (rapid)"]
[EventRounds "9"]
[EventCountry "USA"]
[SourceTitle "CBM 202 Extra"]
[Source "ChessBase"]
[SourceDate "2021.07.31"]
[SourceVersion "1"]
[SourceVersionDate "2021.07.31"]
[SourceQuality "1"]

1. e4 e5 2. Bc4 Nf6 3. d3 Nc6 4. Nf3 Bc5 5. 0-0 d6 6. c3 a6 7. h3 Ba7 8. Re1 0-0 9. d4 exd4 10. cxd4 Re8 11. Nc3 h6 12. a3 Ne7 13. Bd2 Be6 14. Bxe6 fxe6 15. e5 dxe5 16. dxe5 Nfd5 17. Nxd5 Qxd5 18. Qc2 Rac8 19. Rad1 Qc6 20. Bc3 Qc5 21. Re2 Nd5 22. b4 Qc6 23. Nd4 Qxc3 24. Qxc3 Nxc3 25. Red2 Nxd1 26. Rxd1 Rcd8 27. Kh2 Rxd4 28. Rxd4 Bxd4 29. f3 Bb2 30. f4 Bxa3 31. b5 axb5 32. f5 exf5 33. g3 Rxe5 34. g4 b4 35. gxf5 Rxf5 36. Kg3 Rf7 37. Kg4 b3 38. h4 b2 39. h5 b1Q 40. Kh4 Qe1+ 41. Kg4 Qg1+ 42. Kh3 Qd4 43. Kh2 Rf2+ 44. Kg3 Rf4 45. Kg2 Qd3 46. Kg1 Qd2 47. Kh1 Rc4 48. Kg1 Rc1# 0-1

[Event "American World Cup Q Prelim"]
[Site "Tornelo INT"]
[Date "2021.05.09"]
[Round "7"]
[White "Lee, Hayden"]
[Black "Maharaj, Keshav"]
[Result "1-0"]
[WhiteElo "1852"]
[BlackElo "1132"]
[PlyCount "46"]
[EventDate "2021.05.08"]
[EventType "swiss (rapid)"]
[EventRounds "9"]
[EventCountry "USA"]
[SourceTitle "CBM 202 Extra"]
[Source "ChessBase"]
[SourceDate "2021.07.31"]
[SourceVersion "1"]
[SourceVersionDate "2021.07.31"]
[SourceQuality "1"]

1. d4 Nf6 2. Nf3 g6 3. Nc3 Bg7 4. e4 d6 5. Bf4 0-0 6. Qd2 c5 7. d5 a5 8. Bh6 Bxh6 9. Qxh6 Qb6 10. 0-0-0 a4 11. a3 Ng4 12. Qh4 Qd8 13. h3 Nf6 14. Qh6 Nbd7 15. Ng5 b6 16. f4 Re8 17. Bb5 e6 18. e5 dxe5 19. fxe5 Nxe5 20. Bxe8 Qxe8 21. dxe6 Bxe6 22. Nce4 Ned7 23. Rxd7 Nxe4 1-0